| 000 | 00528nam a22001937a 4500 | ||
|---|---|---|---|
| 003 | NUST - PNEC | ||
| 005 | 20170116180815.0 | ||
| 008 | 150519b xxu||||| |||| 00| 0 eng d | ||
| 020 | _a- | ||
| 040 | _cLIBRARY | ||
| 082 | _a370.954 RAZ | ||
| 100 |
_93609 _aAbedi, Razi |
||
| 245 |
_aEducational chaos : observations on the deteriorating state of education in Pakistan _cRazi Abedi |
||
| 250 | _a- | ||
| 260 |
_aLahore _bRhotas Books _cc1991. |
||
| 300 | _a184 p. : | ||
| 650 |
_93612 _aPakistan _xGeneral |
||
| 942 |
_2ddc _cBK |
||
| 999 |
_c63503 _d63503 |
||